Looking for self-improvement ?Go no further,it's right here! the 9 self improvement button, click to a new you : (Record no. 32313)

000 -LEADER
fixed length control field 00732nam a22001817a 4500
008 - FIXED-LENGTH DATA ELEMENTS--GENERAL INFORMATION
fixed length control field 250710b |||||||| |||| 00| 0 eng d
020 ## - INTERNATIONAL STANDARD BOOK NUMBER
International Standard Book Number 9789914372694
040 ## - CATALOGING SOURCE
Original cataloging agency MksU
050 ## - LIBRARY OF CONGRESS CALL NUMBER
Classification number BF637
Item number .M88 2025
100 ## - MAIN ENTRY--PERSONAL NAME
Personal name Mutua Stanslaus Patrick
245 ## - TITLE STATEMENT
Title Looking for self-improvement ?Go no further,it's right here! the 9 self improvement button, click to a new you :
Remainder of title An inspiring masterpiece,authored to push your competence to the peak /
Statement of responsibility, etc. Stanslaus Mutua Patrick
260 ## - PUBLICATION, DISTRIBUTION, ETC. (IMPRINT)
Place of publication, distribution, etc. Nrb. Kenya :
Name of publisher, distributor, etc. Patjed pubishers,
Date of publication, distribution, etc. 2025.
300 ## - PHYSICAL DESCRIPTION
Extent ix,99p. ;
Dimensions 21cm.
504 ## - BIBLIOGRAPHY, ETC. NOTE
Bibliography, etc Include bibliographical reference
650 ## - SUBJECT ADDED ENTRY--TOPICAL TERM
Topical term or geographic name as entry element personal development
650 ## - SUBJECT ADDED ENTRY--TOPICAL TERM
Topical term or geographic name as entry element self improvement
942 ## - ADDED ENTRY ELEMENTS (KOHA)
Source of classification or shelving scheme
Koha item type Hard Covered Materials
Classification part BF637 .M88 2025
Holdings
Withdrawn status Lost status Source of classification or shelving scheme Damaged status Not for loan Home library Current library Shelving location Date acquired Source of acquisition Cost, normal purchase price Total Checkouts Full call number Barcode Date last seen Date last checked out Price effective from Koha item type
          MACHAKOS UNIVERSITY LIBRARY MACHAKOS UNIVERSITY LIBRARY Open shelf 10/07/2025 Donation- Patrick Mutua 500.00 4 BF637 .M88 2025 40175 30/06/2026 28/05/2026 10/07/2025 Hard Covered Materials
© Machakos University Library, Along The Highway, Machakos Wote Rd, Machakos, Kenya P.O. Box 136 - 90100 Machakos - Kenya

Tel: ( +254 ) 723 805829 OR Fax : 044-20353 OR Email: library@mksu.ac.ke